000 02745nam2a2200337 4500
001 RU\NLR\BIBL_A\011106354
005 20250625204640.0
010 _a978-5-7779-1908-3
010 _a978-5-7779-1909-0
_bч. 1
021 _aRU
_b2016-27960
_91799
035 _a(NLR Aleph) 011106354
090 _a11449540
_c11449540
100 _a20160422d2015 |||y0rusy50 ca
101 0 _arus
_deng
102 _aRU
105 _aa|||z|||000zy
200 1 _a2015 - год литературы в России
_eв 2 ч.
_hч. 1
_iНаучные труды
_eматериалы всероссийской научно-практической конференции Славянские чтения (Омск, 22-23 мая 2015 г.)
_g[отв. ред.: д.филол.н., проф. Т.П. Рогожникова]
210 _aОмск
_cОмГУ
_d2015
215 _a213 с.
_cил.
300 _aВ надзаг.: М-во образования и науки Рос. Федерации, Федер. гос. бюджет. образоват. учреждение высш. проф. образования Омск. гос. ун-т им. Ф.М. Достоевского
300 _aРез. на англ. яз.
320 _aБиблиогр. в конце ст.
327 1 _aВ кн. также публ. материалы круглого стола "Литературные традиции и современный литературный процесс" , проходившего в рамках чтений
461 0 _1001RU\NLR\bibl\6141
_12001#$aСлавянские чтения$eМатериалы докл. науч.-практ. конф.$vВып. 17
_94716063
_cОмск
_d1995
_nИзд-во Ом. отд-ния Междунар. Фонда слав. письменности и культуры
_oМатериалы докл. науч.-практ. конф.
_tСлавянские чтения
_vВып. 17
711 1 2 _a"Славянские чтения", всероссийская научно-практическая конференция с международным участием
_d17
_eОмск
_f2015
_9515588
_3RU\NLR\AUTH\880425527
711 1 2 _a"Литературные традиции и современный литературный процесс", круглый стол
_eОмск
_f2015
_9515598
_3RU\NLR\AUTH\880425533
942 _cBOOK
980 _aNB